Language Quiz

Random Language or Spanish Quiz

Can you conjugate the verbs 'poder' and 'dormir'? Quiz Stats

Quiz not verified by Sporcle

Also try: Word Smuggling V
Challenge
Share
Tweet
Embed
Score 0/12 Timer 10:00
0 Plays Today
Subject Pronoun Conjugation % Correct
????
100%
????
93.9%
????
92.1%
????
91.6%
????
88.8%
????
87.5%
????
82.5%
????
81.9%
????
80.9%
????
80.1%
????
78.9%
????
78.3%

You're not logged in!

Compare scores with friends on all Sporcle quizzes.
Sign Up with Email
OR
Log In

You Might Also Like...

Show Comments

Extras

Top Quizzes Today


Score Distribution

Your Account Isn't Verified!

In order to create a playlist on Sporcle, you need to verify the email address you used during registration. Go to your Sporcle Settings to finish the process.

Report this User

Report this user for behavior that violates our Community Guidelines.

Details: